[Event "N�-LL 2006_07"]
[Site "?"]
[Date "2006.11.26"]
[Round "6"]
[White "Wukits, Rene"]
[Black "Schroll, Gerhard"]
[Result "1/2-1/2"]
[WhiteElo "2298"]
[BlackElo "2375"]
[Annotator "Wr.Neustadt : Schwarzatal"]
[PlyCount "38"]

1. d4 d5 2. Nf3 Nf6 3. c4 dxc4 4. e3 e6 5. Bxc4 c5 6. O-O a6 7. Bd3 Nbd7 8. Qe2
b5 9. a4 c4 10. Bc2 Bb7 11. b3 cxb3 12. Bxb3 b4 13. a5 Bd6 14. Nbd2 O-O 15. Nc4
Be7 16. Bb2 Rc8 17. Rfc1 Rc7 18. Nfd2 Qa8 19. f3 Qa7 1/2-1/2

[Event "N�-LL 2006_07"]
[Site "?"]
[Date "2006.11.26"]
[Round "6"]
[White "Todor, Razvan"]
[Black "Degen, Gerhard"]
[Result "1/2-1/2"]
[WhiteElo "2152"]
[BlackElo "2207"]
[Annotator "Wr.Neustadt : Schwarzatal"]
[PlyCount "23"]

1. c4 Nf6 2. Nc3 e5 3. Nf3 Nc6 4. g3 Bb4 5. Bg2 O-O 6. O-O Re8 7. d3 Bxc3 8.
bxc3 e4 9. Nd4 d6 10. Rb1 h6 11. Qc2 Qe7 12. Nxc6 1/2-1/2

[Event "N�-LL 2006_07"]
[Site "?"]
[Date "2006.11.26"]
[Round "6"]
[White "Weinwurm, Wolfgang"]
[Black "Wiedner, Robert"]
[Result "0-1"]
[WhiteElo "2183"]
[BlackElo "2143"]
[Annotator "Wr.Neustadt : Schwarzatal"]
[PlyCount "64"]

1. e4 c5 2. c3 e6 3. d4 d5 4. exd5 Qxd5 5. Nf3 Nc6 6. Be3 cxd4 7. cxd4 Nf6 8.
Nc3 Bb4 9. Bd3 Qa5 10. Qb3 Ng4 11. O-O O-O 12. Rac1 e5 13. d5 Ne7 14. Bc4 Nf5
15. a3 Bxc3 16. Rxc3 Nd6 17. Be2 Nxe3 18. fxe3 f6 19. Rfc1 Bd7 20. Rc5 Ba4 21.
Qa2 Qb6 22. Nd2 Rfd8 23. b4 Bd7 24. Nc4 Nxc4 25. Qxc4 a5 26. Kf2 axb4 27. axb4
Ra4 28. Rb1 Qd6 29. Rb2 Ra1 30. Rc7 e4 31. g3 Bh3 32. Qc5 Qe5 0-1

[Event "N�-LL 2006_07"]
[Site "?"]
[Date "2006.11.26"]
[Round "6"]
[White "Posch, Werner"]
[Black "Schandl, Johann"]
[Result "1-0"]
[WhiteElo "2262"]
[BlackElo "2014"]
[Annotator "Wr.Neustadt : Schwarzatal"]
[PlyCount "93"]

1. e4 e5 2. Nc3 Nc6 3. Bc4 Nf6 4. d3 Be7 5. f4 d6 6. Nf3 exf4 7. Bxf4 Na5 8.
Bb3 Nxb3 9. axb3 Bg4 10. O-O O-O 11. h3 Bh5 12. g4 Bg6 13. Nh4 c6 14. Nxg6 hxg6
15. Qf3 Ne8 16. Be3 b6 17. Ra2 Bg5 18. Bf2 Bh4 19. Be3 Bg5 20. Rfa1 Bxe3+ 21.
Qxe3 Qe7 22. Rf1 f5 23. Qg3 Qg5 24. Raa1 fxg4 25. Rxf8+ Kxf8 26. Rf1+ Kg8 27.
Qxg4 Qxg4+ 28. hxg4 Nf6 29. Rf4 g5 30. Rf5 Nxg4 31. Nd1 Ne5 32. Kg2 Nf7 33. Ne3
a5 34. Rf1 b5 35. Nf5 Ra7 36. Nd4 Ra6 37. Kg3 Nh6 38. Ne6 Nf7 39. Kg4 a4 40.
Ra1 Ra5 41. d4 Nh6+ 42. Kh5 Ra7 43. Nxg5 Nf7 44. Ne6 Re7 45. d5 cxd5 46. exd5
axb3 47. Ra8+ 1-0

[Event "N�-LL 2006_07"]
[Site "Bachwirt, Argaggerstr. 28"]
[Date "2006.11.26"]
[Round "6"]
[White "Penz, Harald"]
[Black "Vincze, Estvan"]
[Result "1/2-1/2"]
[WhiteElo "2309"]
[BlackElo "2254"]
[Annotator "Amstetten : Mauerbach"]
[PlyCount "54"]
[EventDate "2006.11.26"]

1. e4 e5 2. Nf3 Nc6 3. Bc4 Bc5 4. d3 Nf6 5. O-O O-O 6. Bg5 h6 7. Bh4 Be7 8. Bb3
d6 9. h3 Na5 10. Nc3 c6 11. d4 Nh5 12. Bxe7 Qxe7 13. Re1 Nxb3 14. axb3 Nf4 15.
Ne2 Nxe2+ 16. Rxe2 a6 17. dxe5 dxe5 18. Rd2 f5 19. Qe2 fxe4 20. Qxe4 Bxh3 21.
Qxe5 Rae8 22. Qg3 Bf5 23. Re1 Qb4 24. Rxe8 Rxe8 25. Qc7 Qe7 26. Qxe7 Rxe7 27.
b4 Kf7 1/2-1/2

[Event "N�-LL 2006_07"]
[Site "Bachwirt, Ardaggerstr. 28"]
[Date "2006.11.26"]
[Round "6"]
[White "Wadsack, Wolfgang"]
[Black "Wei�enbeck, Manuel"]
[Result "1/2-1/2"]
[WhiteElo "2241"]
[BlackElo "2273"]
[Annotator "Amstetten : Mauerbach"]
[PlyCount "49"]
[EventDate "2006.11.26"]

1. e4 g6 2. d4 Bg7 3. c3 d6 4. f4 Nf6 5. e5 dxe5 6. fxe5 Nd5 7. Nf3 O-O 8. Bc4
Bg4 9. O-O e6 10. Qb3 Bxf3 11. Rxf3 Nb6 12. Be2 Qd5 13. Be3 Qxb3 14. axb3 c5
15. dxc5 Nd5 16. Bb5 Bxe5 17. Nd2 Nxe3 18. Rxe3 Rd8 19. Rxe5 Rxd2 20. Re2 Rd8
21. Rf2 Kg7 22. Raf1 Rf8 23. Rd2 a6 24. Bc4 Re8 25. Rfd1 1/2-1/2

[Event "N�-LL 2006_07"]
[Site "Bachwirt, Ardaggerstr. 28"]
[Date "2006.11.26"]
[Round "6"]
[White "Schorn, Christoph"]
[Black "Gugler, Edgar"]
[Result "1/2-1/2"]
[WhiteElo "2154"]
[BlackElo "2216"]
[Annotator "Amstetten : Mauerbach"]
[PlyCount "31"]
[EventDate "2006.11.26"]

1. e4 c6 2. d4 d5 3. e5 Bf5 4. Nf3 e6 5. Be2 Nd7 6. O-O Ne7 7. Nh4 Bg6 8. f4 c5
9. c3 Nc6 10. Nxg6 hxg6 11. Be3 Qh4 12. h3 O-O-O 13. Nd2 Be7 14. Nf3 Qg3 15.
Qe1 Qxe1 16. Raxe1 1/2-1/2

[Event "N�-LL 2006_07"]
[Site "Bachwirt, Ardaggerstr. 28"]
[Date "2006.11.26"]
[Round "6"]
[White "Bachmayer, Josef"]
[Black "Thoma, Wilhelm"]
[Result "1/2-1/2"]
[WhiteElo "2163"]
[BlackElo "2156"]
[Annotator "Amstetten : Mauerbach"]
[PlyCount "81"]
[EventDate "2006.11.26"]

1. d4 d5 2. c4 c6 3. cxd5 cxd5 4. Nc3 Nf6 5. Nf3 Nc6 6. Bf4 Bf5 7. e3 e6 8. Bd3
Bxd3 9. Qxd3 Bb4 10. O-O O-O 11. Rfc1 Bxc3 12. Rxc3 Ne4 13. Rcc1 Qb6 14. Ng5
Nxg5 15. Bxg5 Rac8 16. Bf4 Rfe8 17. b3 Ne7 18. Qd1 a6 19. a3 Ng6 20. Bg3 Qb5
21. b4 Qd7 22. Qd3 Rxc1+ 23. Rxc1 Rc8 24. Rc3 Ne7 25. h3 b6 26. f3 Rxc3 27.
Qxc3 f6 28. Qc7 Qxc7 29. Bxc7 b5 30. Kf2 Kf7 31. e4 Nc8 32. e5 fxe5 33. dxe5 g5
34. Bd8 Kg6 35. Ke3 Na7 36. Bb6 Nc6 37. Bc7 Kf5 38. g4+ Kg6 39. Kd3 h5 40. Bd6
hxg4 41. hxg4 1/2-1/2

[Event "N�-LL 2006_07"]
[Site "?"]
[Date "2007.01.14"]
[Round "7"]
[White "Rumpl, Erwin"]
[Black "Wukits, Rene"]
[Result "1/2-1/2"]
[WhiteElo "2288"]
[BlackElo "2298"]
[Annotator "Schwarzatal : Amstetten"]
[PlyCount "59"]
[EventDate "2006.09.20"]
[SourceDate "2007.01.16"]

1. Nf3 Nf6 2. c4 e6 3. g3 d5 4. b3 Be7 5. Bb2 a5 6. Nc3 O-O 7. Bg2 c6 8. O-O
Nbd7 9. d3 Re8 10. e4 dxe4 11. dxe4 e5 12. Qc2 Bf8 13. Rfd1 Qc7 14. Ne1 Nc5 15.
Nd3 Bg4 16. f3 Bd7 17. Kh1 h5 18. Nxc5 Bxc5 19. Na4 Bf8 20. c5 Rad8 21. Nb6 Be6
22. h4 Nd7 23. Nxd7 Bxd7 24. Bc1 Be6 25. Be3 f6 26. Bf1 Qf7 27. Bc4 Bxc4 28.
Qxc4 Qxc4 29. bxc4 a4 30. a3 1/2-1/2

[Event "N�-LL 2006_07"]
[Site "?"]
[Date "2007.01.14"]
[Round "7"]
[White "Degen, Gerhard"]
[Black "Wadsack, Wolfgang"]
[Result "1/2-1/2"]
[WhiteElo "2207"]
[BlackElo "2241"]
[Annotator "Schwarzatal : Amstetten"]
[PlyCount "66"]
[EventDate "2006.09.20"]
[SourceDate "2007.01.16"]

1. d4 d5 2. c4 dxc4 3. e3 e5 4. Bxc4 exd4 5. exd4 Bb4+ 6. Nc3 Nf6 7. Nf3 O-O 8.
O-O Bg4 9. h3 Bxf3 10. Qxf3 Nc6 11. Be3 Be7 12. Rfd1 a6 13. a3 Qd7 14. Bd3 Rfd8
15. Rac1 Qe8 16. Qf4 Bd6 17. Qh4 Nb8 18. Bg5 Nbd7 19. Re1 Qf8 20. Nd5 h6 21.
Nxf6+ Nxf6 22. Bxf6 gxf6 23. Re3 Re8 24. Rce1 Rxe3 25. Rxe3 Qg7 26. Qe4 f5 27.
Qxf5 Qxd4 28. Re4 Qxb2 29. Rg4+ Kf8 30. Qh7 Qa1+ 31. Bf1 Rd8 32. Qxh6+ Ke8 33.
Qg5 Qxa3 1/2-1/2

[Event "N�-LL 2006_07"]
[Site "?"]
[Date "2007.01.14"]
[Round "7"]
[White "Gugler, Edgar"]
[Black "Braun, Karl-Heinz"]
[Result "1/2-1/2"]
[WhiteElo "2216"]
[BlackElo "2091"]
[Annotator "Schwarzatal : Amstetten"]
[PlyCount "39"]
[EventDate "2006.09.20"]
[SourceDate "2007.01.16"]

1. d4 d5 2. Nf3 g6 3. Bf4 Bg7 4. e3 Nf6 5. h3 O-O 6. Be2 c5 7. c3 Nbd7 8. O-O
Re8 9. Bh2 Qb6 10. Qb3 e6 11. Nbd2 Bf8 12. Rfe1 a6 13. Kh1 Qc6 14. a4 b6 15.
Ne5 Nxe5 16. dxe5 Nd7 17. c4 Bb7 18. Bf3 Bg7 19. cxd5 exd5 20. Nc4 1/2-1/2

[Event "N�-LL 2006_07"]
[Site "?"]
[Date "2007.01.14"]
[Round "7"]
[White "Weninger, Robert"]
[Black "Bachmayer, Josef"]
[Result "0-1"]
[WhiteElo "2096"]
[BlackElo "2163"]
[Annotator "Schwarzatal : Amstetten"]
[PlyCount "48"]
[EventDate "2006.09.20"]
[SourceDate "2007.01.16"]

1. d4 f5 2. Bg5 g6 3. h4 Bg7 4. Nf3 Nf6 5. e3 b6 6. Nbd2 Bb7 7. Bd3 Ne4 8. c3
d5 9. Ne5 Nd7 10. Qa4 Bxe5 11. Bxe4 fxe4 12. dxe5 O-O 13. f4 exf3 14. Nxf3 Nc5
15. Qc2 d4 16. cxd4 Be4 17. Qc4+ Bd5 18. Qc2 Ne4 19. Bh6 Rf5 20. Rh3 Qd7 21.
O-O-O Rc8 22. Kb1 Qb5 23. g4 Rf7 24. Ng5 Rf2 0-1

[Event "N�-LL 2006_07"]
[Site "?"]
[Date "2007.01.14"]
[Round "7"]
[White "Svanda, Pavel"]
[Black "Volkmann, Karl Friedrich"]
[Result "1/2-1/2"]
[WhiteElo "2208"]
[BlackElo "2407"]
[Annotator "Waidhofen : Wr.Neustadt"]
[PlyCount "81"]
[EventDate "2006.09.20"]
[SourceDate "2007.01.16"]

1. e4 c5 2. Nf3 Nc6 3. Bb5 e6 4. O-O Nge7 5. c3 a6 6. Ba4 b5 7. Bc2 Bb7 8. d4
cxd4 9. Nxd4 Ng6 10. Nd2 Bd6 11. N2b3 O-O 12. f4 Nxd4 13. cxd4 Rc8 14. e5 Be7
15. f5 Qc7 16. Rf2 exf5 17. Bxf5 Bd5 18. Be3 f6 19. Qg4 fxe5 20. Bxd7 Rcd8 21.
Be6+ Kh8 22. Rc1 Qd6 23. Bxd5 Rxf2 24. Bxf2 Qxd5 25. Qf5 Rf8 26. Rc8 Bd8 27.
Qg4 Qf7 28. Rc2 Bf6 29. Qd1 Nf4 30. Be3 exd4 31. Bxd4 Bxd4+ 32. Nxd4 Qxa2 33.
Rf2 Qd5 34. Qd2 Ng6 35. Rxf8+ Nxf8 36. Qf4 Kg8 37. h3 h6 38. Nf5 Qc5+ 39. Kh1
Ne6 40. b4 Qc4 41. Ne7+ 1/2-1/2

[Event "N�-LL 2006_07"]
[Site "?"]
[Date "2007.01.14"]
[Round "7"]
[White "Wiedner, Robert"]
[Black "Rosenauer, Harald"]
[Result "1/2-1/2"]
[WhiteElo "2143"]
[BlackElo "1997"]
[Annotator "Waidhofen : Wr.Neustadt"]
[PlyCount "42"]
[EventDate "2006.09.20"]
[SourceDate "2007.01.16"]

1. Nf3 Nf6 2. c4 g6 3. Nc3 Bg7 4. g3 O-O 5. Bg2 d6 6. d4 Nbd7 7. O-O c6 8. d5
cxd5 9. cxd5 a6 10. Be3 Qa5 11. a3 Ng4 12. Bd4 Nge5 13. Nd2 b5 14. Na2 Bb7 15.
h3 Rfc8 16. Nb4 Qd8 17. b3 a5 18. Nc2 Nf6 19. Ne3 Ned7 20. Ne4 Nxe4 21. Bxe4
Nf6 1/2-1/2

[Event "N�-LL 2006_07"]
[Site "?"]
[Date "2007.01.14"]
[Round "7"]
[White "Dietrich, Markus"]
[Black "Lucaci, Marius"]
[Result "1/2-1/2"]
[WhiteElo "1992"]
[BlackElo "2142"]
[Annotator "Waidhofen : Wr.Neustadt"]
[PlyCount "21"]
[EventDate "2006.09.20"]
[SourceDate "2007.01.17"]

1. b4 d5 2. Bb2 Qd6 3. a3 e5 4. e3 Nf6 5. Nf3 Nbd7 6. c4 c6 7. Be2 e4 8. Nd4
Ne5 9. c5 Qd8 10. Qc2 Be7 11. O-O 1/2-1/2

[Event "N�-LL 2006_07"]
[Site "?"]
[Date "2007.01.14"]
[Round "7"]
[White "Vykydal, Frantisek"]
[Black "Gr�tz, Harald"]
[Result "1/2-1/2"]
[WhiteElo "2264"]
[BlackElo "2359"]
[Annotator "Stockerau : Zwettl"]
[PlyCount "135"]
[EventDate "2006.09.20"]
[SourceDate "2007.01.17"]

1. e4 c5 2. Nc3 d6 3. g3 g6 4. Bg2 Bg7 5. d3 Nc6 6. Be3 e6 7. Qd2 Nge7 8. Bh6
Bxh6 9. Qxh6 Nd4 10. Qd2 e5 11. Nd1 Be6 12. h4 Qd7 13. Ne3 d5 14. Ne2 Nxe2 15.
Qxe2 d4 16. Nf1 h5 17. Nd2 O-O-O 18. a3 Kb8 19. Nf3 f6 20. Ng1 c4 21. dxc4 d3
22. cxd3 Qxd3 23. Qxd3 Rxd3 24. Ne2 Bxc4 25. Nc3 Rd4 26. Bf1 Bb3 27. Be2 Rhd8
28. O-O Rd2 29. Rab1 Nc6 30. Bb5 Nd4 31. Ba4 Bc4 32. Rfd1 b5 33. Rxd2 Nf3+ 34.
Kg2 Nxd2 35. Rd1 bxa4 36. Nb1 Bf1+ 37. Kh1 Bd3 38. Rxd2 Bxe4+ 39. Kg1 Rxd2 40.
Nxd2 Bd5 41. Kf1 g5 42. g4 hxg4 43. h5 f5 44. h6 Bg8 45. Kg2 e4 46. Nc4 Kc7 47.
Ne3 Bh7 48. Nd5+ Kd6 49. Nf6 Bg6 50. h7 Bxh7 51. Nxh7 Kd5 52. Nxg5 Kc4 53. Kf1
Kd3 54. Ne6 Kd2 55. Nd4 f4 56. Ne6 f3 57. Nc5 e3 58. fxe3 Kxe3 59. Nxa4 g3 60.
Nc3 Kd3 61. Nd5 Kc4 62. Nf4 Kb3 63. Nd3 a5 64. Ne5 f2 65. Nd3 Kc2 66. Ne5 a4
67. Nc4 Kd3 68. Nb6 1/2-1/2

[Event "N�-LL 2006_07"]
[Site "?"]
[Date "2007.01.14"]
[Round "7"]
[White "Hangweyrer, Manfred"]
[Black "Janetschek, Karl"]
[Result "1/2-1/2"]
[WhiteElo "2381"]
[BlackElo "2289"]
[Annotator "Stockerau : Zwettl"]
[PlyCount "98"]
[EventDate "2006.09.20"]
[SourceDate "2007.01.17"]

1. e4 c5 2. Nf3 Nc6 3. Bb5 g6 4. O-O Bg7 5. c3 e5 6. d4 cxd4 7. cxd4 exd4 8.
Bf4 Nge7 9. Bd6 O-O 10. Nbd2 a6 11. Bc4 b5 12. Bd5 a5 13. a4 Ba6 14. Re1 h6 15.
Nb3 bxa4 16. Nbxd4 Re8 17. Bxe7 Qxe7 18. Nxc6 dxc6 19. Bxc6 Red8 20. Qxa4 Bxb2
21. Bxa8 Bxa1 22. Qxa1 Rxa8 23. Qxa5 Bb7 24. Qd2 Ra4 25. Qxh6 Rxe4 26. Rxe4
Qxe4 27. Qe3 Qa4 28. Qd4 Qe8 29. Ne5 f6 30. Qc4+ Kh8 31. Nd3 Qe4 32. Qxe4 Bxe4
33. Nc5 Bc6 34. f3 g5 35. Kf2 Kg7 36. Ke3 Kg6 37. g3 Kf5 38. Nb3 Bb7 39. Nd4+
Ke5 40. f4+ gxf4+ 41. gxf4+ Kd6 42. h4 Ke7 43. Kf2 Kf7 44. Kg3 Kg6 45. f5+ Kh5
46. Ne6 Be4 47. Nf4+ Kh6 48. Kg4 Bc2 49. Nd5 Bxf5+ 1/2-1/2

[Event "N�-LL 2006_07"]
[Site "?"]
[Date "2007.01.14"]
[Round "7"]
[White "Lipp, Alfred"]
[Black "Schmid, Thomas"]
[Result "0-1"]
[WhiteElo "2174"]
[BlackElo "2117"]
[Annotator "Stockerau : Zwettl"]
[PlyCount "81"]
[EventDate "2006.09.20"]
[SourceDate "2007.01.17"]

1. c4 Nf6 2. Nc3 g6 3. e4 d6 4. d4 Bg7 5. Nf3 O-O 6. Be2 e5 7. O-O Nc6 8. d5
Ne7 9. Ne1 Nd7 10. Be3 f5 11. f3 f4 12. Bf2 g5 13. a4 a5 14. Nd3 b6 15. b4 axb4
16. Nb5 Nc5 17. Be1 b3 18. a5 h5 19. axb6 Rxa1 20. Qxa1 cxb6 21. Nxc5 dxc5 22.
Bc3 Ng6 23. Rb1 g4 24. Be1 Nh4 25. Rxb3 Qg5 26. fxg4 hxg4 27. Bf1 f3 28. g3 f2+
29. Bxf2 Nf3+ 30. Rxf3 Rxf3 31. Nd6 Bd7 32. Be2 Rf8 33. Qd1 Bh6 34. Nf5 Bxf5
35. exf5 Qxf5 36. Qe1 e4 37. Qf1 e3 38. Be1 Qb1 39. Bxg4 Rxf1+ 40. Kxf1 e2+ 41.
Bxe2 0-1

[Event "N�-LL 2006_07"]
[Site "?"]
[Date "2007.01.14"]
[Round "7"]
[White "Batyte, Daiva"]
[Black "Stadler, Peter"]
[Result "1-0"]
[WhiteElo "2172"]
[BlackElo "2113"]
[Annotator "Stockerau : Zwettl"]
[PlyCount "61"]
[EventDate "2006.09.20"]
[SourceDate "2007.01.17"]

1. g3 g6 2. Bg2 Bg7 3. c4 e5 4. Nc3 Nc6 5. d3 d6 6. Nf3 Nf6 7. Bg5 h6 8. Bd2
O-O 9. Qc1 Kh7 10. h4 Nh5 11. Nh2 f5 12. Bf3 Nf6 13. Nd5 Nd4 14. Nxf6+ Qxf6 15.
Be3 Nxf3+ 16. Nxf3 Qe7 17. Qd2 e4 18. dxe4 Qxe4 19. h5 Qe8 20. hxg6+ Qxg6 21.
Ng5+ Kh8 22. Bd4 Kg8 23. Nf3 Be6 24. O-O-O Bxd4 25. Nxd4 Rf6 26. Rh4 c6 27.
Rdh1 Kg7 28. Rxh6 Qxh6 29. Rxh6 Rxh6 30. Qg5+ Rg6 31. Nxe6+ 1-0

[Event "N�-LL 2006_07"]
[Site "?"]
[Date "2007.01.14"]
[Round "7"]
[White "R�hrl, Karl"]
[Black "Kummer, Helmut"]
[Result "1/2-1/2"]
[WhiteElo "2290"]
[BlackElo "2335"]
[Annotator "Bad V�slau/Kottingbrunn : St.P�lten"]
[PlyCount "47"]
[EventDate "2006.09.20"]
[SourceDate "2007.01.19"]

1. d4 d5 2. Nf3 c6 3. c4 e6 4. e3 Nf6 5. Nbd2 Nbd7 6. Bd3 c5 7. O-O cxd4 8.
exd4 dxc4 9. Nxc4 Be7 10. Bf4 O-O 11. Rc1 Nd5 12. Bg3 N7f6 13. Nfe5 Bd7 14.
Nxd7 Qxd7 15. Ne5 Qd8 16. a3 Rc8 17. Rxc8 Qxc8 18. Qd2 a6 19. Rc1 Qd8 20. Nf3
g6 21. Be5 Qd7 22. h3 Re8 23. Rc2 Bf8 24. Qc1 1/2-1/2

[Event "N�-LL 2006_07"]
[Site "?"]
[Date "2007.01.14"]
[Round "7"]
[White "Brehovsky, Paul"]
[Black "Neussner, Siegfried"]
[Result "1-0"]
[WhiteElo "2140"]
[BlackElo "2164"]
[Annotator "Bad V�slau/Kottingbrunn : St.P�lten"]
[PlyCount "69"]
[EventDate "2006.09.20"]
[SourceDate "2007.01.19"]

1. e3 Nf6 2. d4 g6 3. Nf3 Bg7 4. c4 O-O 5. b4 b6 6. Bb2 d5 7. Nbd2 a5 8. b5 c6
9. Rc1 dxc4 10. Bxc4 cxb5 11. Bxb5 Bb7 12. O-O Ne4 13. Nxe4 Bxe4 14. Qe2 Ra7
15. a4 Nd7 16. Ba3 Bf6 17. Nd2 Ba8 18. Rc2 Qb8 19. Rfc1 Rd8 20. Bc6 Rc7 21. d5
Rdc8 22. Ne4 Bxc6 23. dxc6 Nc5 24. Bxc5 bxc5 25. Nxf6+ exf6 26. Rxc5 Qb4 27.
Qb5 Ra8 28. h3 f5 29. Rb1 Qd2 30. Qb6 Rac8 31. Rbc1 f4 32. exf4 Qd6 33. Qxa5
Rxc6 34. Rxc6 Rxc6 35. Qa8+ 1-0

[Event "N�-LL 2006_07"]
[Site "?"]
[Date "2007.01.14"]
[Round "7"]
[White "Zojer, Stefan"]
[Black "Sturzeis, Roman"]
[Result "1-0"]
[WhiteElo "2118"]
[BlackElo "2065"]
[Annotator "Bad V�slau/Kottingbrunn : St.P�lten"]
[PlyCount "91"]
[EventDate "2006.09.20"]
[SourceDate "2007.01.19"]

1. d4 Nf6 2. c4 g6 3. Nc3 Bg7 4. e4 d6 5. f3 c6 6. Nge2 Nbd7 7. Be3 O-O 8. Qd2
b5 9. cxb5 cxb5 10. Nxb5 Ba6 11. Nec3 Rb8 12. Nxa7 Qb6 13. Nab5 Rfc8 14. Be2
Qa5 15. O-O Bxb5 16. Bxb5 Rxb5 17. Nxb5 Qxb5 18. a4 Qb7 19. Rfc1 Rb8 20. b4
Nxe4 21. fxe4 Qxe4 22. a5 e5 23. d5 Nf6 24. Rd1 Ng4 25. Ra3 Rxb4 26. a6 Ra4 27.
Rda1 Rxa6 28. Rxa6 Nxe3 29. Ra8+ Bf8 30. Re1 Qxd5 31. Rxf8+ Kxf8 32. Qxe3 Kg7
33. Rf1 Qe6 34. Rd1 d5 35. Qb3 d4 36. Qxe6 fxe6 37. Kf2 Kf6 38. Kf3 Kf5 39. g4+
Kg5 40. Kg3 Kf6 41. Rf1+ Ke7 42. Kf3 Kf6 43. h4 Ke7 44. Ke4 Kd6 45. Rc1 d3 46.
Rd1 1-0

[Event "N�-LL 2006_07"]
[Site "Gloggnitz"]
[Date "2007.01.14"]
[Round "7"]
[White "Sekyra, Michael"]
[Black "Zojer, Thomas"]
[Result "0-1"]
[WhiteElo "2113"]
[BlackElo "2088"]
[Annotator "Bad V�slau/Kottingbrunn : St.P�lten"]
[PlyCount "75"]
[EventDate "2007.??.??"]

1. e4 c5 2. Nf3 Nc6 3. d4 cxd4 4. Nxd4 Nf6 5. Nc3 e5 6. Ndb5 d6 7. Bg5 a6 8.
Na3 b5 9. Nd5 Be7 10. Bxf6 Bxf6 11. c3 Bg5 12. Nc2 Rb8 13. a4 bxa4 14. Ncb4
Nxb4 15. Nxb4 Bb7 16. Rxa4 Qd7 17. Qc2 O-O 18. Bxa6 Qg4 19. f3 Bh4+ 20. g3 Qxf3
21. Rf1 Qe3+ 22. Qe2 Qxe2+ 23. Kxe2 Bg5 24. Bxb7 Rxb7 25. Ra6 f5 26. exf5 d5
27. Ra5 d4 28. Kd3 Bf6 29. Ke4 Kf7 30. Nd3 Rb3 31. c4 Rb7 32. b4 Rc7 33. c5 Rd7
34. b5 Ke8 35. b6 Rb7 36. Ra7 Rb8 37. Nb4 d3 38. Nxd3 0-1

[Event "N�-LL 2006_07"]
[Site "?"]
[Date "2007.01.14"]
[Round "7"]
[White "Wei�, Christian"]
[Black "Brandner, Stefan"]
[Result "1-0"]
[WhiteElo "2451"]
[BlackElo "2341"]
[Annotator "Baden : P�chlarn"]
[PlyCount "79"]
[EventDate "2006.09.20"]
[SourceDate "2007.01.22"]

1. Nf3 Nc6 2. d4 d5 3. g3 Bg4 4. Bg2 Qd7 5. h3 Bxf3 6. exf3 Qe6+ 7. Be3 Nh6 8.
O-O Nf5 9. Re1 Qf6 10. c3 e6 11. Nd2 Bd6 12. f4 h5 13. h4 Nce7 14. Nf3 O-O-O
15. a4 Nxe3 16. Rxe3 Rh6 17. Ne5 Nf5 18. Rf3 Qe7 19. Bh3 f6 20. Bxf5 exf5 21.
Re3 fxe5 22. fxe5 f4 23. exd6 Qxd6 24. Re5 Rg6 25. Qd3 Qf6 26. Rf5 Qxh4 27.
Rxf4 Qxf4 28. Qxg6 Qf3 29. Re1 b6 30. Re3 Qd1+ 31. Kg2 Qxa4 32. Qxh5 Kb7 33.
Re7 Qc6 34. Rxg7 a5 35. Qe5 a4 36. Re7 a3 37. bxa3 Qxc3 38. g4 Qxd4 39. g5 Ra8
40. g6 1-0

[Event "N�-LL 2006_07"]
[Site "?"]
[Date "2007.01.14"]
[Round "7"]
[White "Sulyok, Michael"]
[Black "Loidl, Florian"]
[Result "1/2-1/2"]
[WhiteElo "2217"]
[BlackElo "2233"]
[Annotator "Baden : P�chlarn"]
[PlyCount "81"]
[EventDate "2006.09.20"]
[SourceDate "2007.01.22"]

1. c4 Nf6 2. Nc3 c5 3. Nf3 Nc6 4. g3 e6 5. Bg2 a6 6. O-O Qc7 7. b3 Rb8 8. Bb2
b5 9. cxb5 axb5 10. d4 d5 11. dxc5 Bxc5 12. a4 b4 13. Nb5 Qb6 14. Ne5 Bb7 15.
e4 O-O 16. Nxc6 Bxc6 17. Bxf6 gxf6 18. exd5 exd5 19. Bxd5 Rbd8 20. Qg4+ Kh8 21.
Bxc6 Qxc6 22. Rad1 Rg8 23. Qf4 Rge8 24. Nd4 Bxd4 25. Rxd4 Rxd4 26. Qxd4 Re4 27.
Qd2 Qe6 28. Rb1 Kg7 29. a5 Qa6 30. Ra1 h5 31. Qd5 Qe2 32. a6 Qf3 33. Qd1 Qxd1+
34. Rxd1 Re2 35. Ra1 Re8 36. a7 Ra8 37. Kg2 Kg6 38. Kf3 Kf5 39. Ra5+ Ke6 40.
Kf4 f5 41. h4 1/2-1/2

[Event "N�-LL 2006_07"]
[Site "TU Wien, Studentenlizenz"]
[Date "2007.01.14"]
[Round "7"]
[White "Trkulja, Zoran"]
[Black "Penz, Harald"]
[Result "0-1"]
[WhiteElo "2203"]
[BlackElo "2318"]
[Annotator "Mauerbach : Bisamberg"]
[PlyCount "122"]
[EventDate "2007.??.??"]

1. d4 d5 2. Nf3 Nf6 3. Bf4 e6 4. e3 Bd6 5. Bxd6 Qxd6 6. Nbd2 O-O 7. Ne5 Nfd7 8.
f4 f6 9. Nxd7 Nxd7 10. Qh5 e5 11. O-O-O c6 12. Bd3 e4 13. Be2 f5 14. Qh4 Nf6
15. h3 Be6 16. g4 c5 17. c3 c4 18. gxf5 Bd7 19. Nb1 b5 20. Rhg1 Ne8 21. Bh5 Qf6
22. Qf2 Nd6 23. Rg5 Be8 24. Bxe8 Raxe8 25. Rdg1 Nxf5 26. Nd2 b4 27. cxb4 Qa6
28. Nb1 Qxa2 29. Nc3 Qb3 30. b5 Rd8 31. h4 Qb4 32. h5 Qd6 33. Ne2 Qd7 34. Ng3
Nh6 35. Ne2 Rf7 36. Nc3 Nf5 37. h6 g6 38. Kd2 Kh8 39. Ra1 Rf6 40. Rgg1 Nxh6 41.
Qh4 Ng8 42. Ra5 Qe7 43. Rga1 Rd7 44. Qg4 Qb4 45. R1a2 Rf5 46. Qg1 Rh5 47. R5a4
Qe7 48. Ra1 Nh6 49. b6 axb6 50. Ra8+ Kg7 51. Rb8 Rb7 52. Raa8 b5 53. Rxb7 Qxb7
54. Qa1 Rh2+ 55. Ne2 Nf7 56. Ra7 Qc8 57. Qg1 Qh3 58. Rb7 Qh5 59. Qe1 Qf3 60. f5
gxf5 61. Rxb5 f4 0-1

1

[Event "N�-LL 2006_07"]
[Site "TU Wien, Studentenlizenz"]
[Date "2007.01.14"]
[Round "7"]
[White "Weissenbeck, Manuel"]
[Black "Wetschereck, Gerhard"]
[Result "1-0"]
[WhiteElo "2222"]
[BlackElo "2007"]
[Annotator "Mauerbach : Bisamberg"]
[PlyCount "137"]
[EventDate "2007.??.??"]

1. d4 Nf6 2. Nf3 d6 3. Nc3 g6 4. e4 Bg7 5. Bg5 Bg4 6. h3 Bxf3 7. Qxf3 Nbd7 8.
Qe3 h6 9. Bh4 e5 10. dxe5 dxe5 11. O-O-O c6 12. Bg3 Qa5 13. Bc4 O-O 14. Kb1
Rfd8 15. f4 Qc5 16. Qxc5 Nxc5 17. Bd3 Nh5 18. Bh4 Rd7 19. f5 Nxd3 20. Rxd3 Rxd3
21. cxd3 Nf4 22. Kc2 Nxg2 23. Bf2 Nf4 24. h4 Rd8 25. Rd1 b6 26. a4 Rd7 27. Bg3
g5 28. hxg5 hxg5 29. Bxf4 gxf4 30. Rg1 Kf8 31. b4 a6 32. b5 axb5 33. axb5 Rd6
34. bxc6 Rxc6 35. Kb3 f6 36. Nd5 Bh6 37. Ra1 Bg5 38. Kb4 Rc2 39. Ra8+ Kg7 40.
Ra7+ Kf8 41. Ra8+ Kg7 42. Ra7+ Kh6 43. Rf7 f3 44. Nxf6 Bxf6 45. Rxf6+ Kh7 46.
Rf7+ Kg8 47. Ra7 Rc1 48. Ra2 Rf1 49. Kc4 Kf7 50. Kd5 Kf6 51. Rd2 Re1 52. Rf2
Re3 53. Kc4 Kg5 54. Kc3 Re1 55. Rxf3 Kf6 56. Rh3 Rc1+ 57. Kb2 Rd1 58. Kc2 Rf1
59. Rh6+ Kg5 60. Rxb6 Kf4 61. Rb5 Rf2+ 62. Kc3 Rf1 63. Kc4 Rc1+ 64. Kd5 Rc3 65.
Ke6 Rc6+ 66. Ke7 Rc7+ 67. Kf6 Rc8 68. Rd5 Ra8 69. Ke7 1-0

[Event "N�-LL 2006_07"]
[Site "TU Wien, Studentenlizenz"]
[Date "2007.01.14"]
[Round "7"]
[White "Hirsch, Andreas"]
[Black "Thoma, Wilhelm Jun"]
[Result "1-0"]
[WhiteElo "2062"]
[BlackElo "2120"]
[Annotator "Mauerbach : Bisamberg"]
[PlyCount "100"]
[EventDate "2007.??.??"]

1. e4 e6 2. d4 d5 3. Nc3 Bb4 4. e5 Bd7 5. a3 Bxc3+ 6. bxc3 Ba4 7. Bd3 Nd7 8.
Nh3 Ne7 9. Qg4 g6 10. Bh6 c5 11. dxc5 Qa5 12. Qb4 Nc6 13. Qxa5 Nxa5 14. Rb1
Nxc5 15. O-O b6 16. Rb4 Nxd3 17. Rxa4 Nc5 18. Rh4 Nd7 19. f4 Nc4 20. a4 Ne3 21.
Bg7 Rg8 22. Rxh7 Nxf1 23. Kxf1 Nf8 24. Bxf8 Rxf8 25. Ke2 Rc8 26. Kd3 Rc4 27. g3
Rxa4 28. Ng5 Ke7 29. Rg7 Rc4 30. Nh7 Rfc8 31. Ng5 Rxc3+ 32. Ke2 Rf8 33. Kd2 Rc7
34. g4 a5 35. h4 a4 36. h5 gxh5 37. gxh5 a3 38. Kc1 Kd8 39. h6 Re7 40. h7 Kc8
41. Rxf7 Rexf7 42. Nxf7 Kc7 43. h8=Q Rxh8 44. Nxh8 Kc6 45. Nf7 d4 46. Kb1 b5
47. Ka2 b4 48. Kb3 Kd5 49. Nd6 Kc5 50. Ne4+ Kd5 1-0